000 00876nam0a2200277 4500
001 RU\NLR\bibl\732202
005 20250614000123.0
010 _a5-7024-1868-9
_945000
021 _aRU
_b2004-80435
_93968
035 _a(NLR Aleph) 000722150
090 _a709771
_c709771
100 _a20050305d2005 |||y0rusy50 ca
101 1 _arus
_ceng
102 _aRU
105 _ay |||||||||
200 1 _aЗавидный жених
_e[роман]
_fСидни Ламберт
210 _aМ.
_cПанорама
_d2005
215 _a189,[1] с.
_d17
225 1 _aПанорама романов о любви
_eпериод. лит.-худож. альм.
_v05-028
686 _aШ6(4Вл)67-440.4{Лх1299-50}
700 1 _aЛамберт
_bС.
_gСидни
_4070
801 0 _aRU
_bNLR
_c20050305
_gPSBO
801 1 _aRU
_bNLR
_c20050305
942 _cBOOK
980 _aNB